000 00321cam a22001097a 4500
008 180718b1966 xxu||||| |||| 00| 0 eng d
082 _aT394x54 A/1968/Ant
100 _aIndia. Tariff Commission
245 _aReport on the fair selling price of antimony
_cby Tariff Commission
260 _aDelhi
_b--
_c1966
300 _a46+p
999 _c498010
_d498010